Online Catalogue and eLibrary

Adult education and development (Record no. 2933)

MARC details
000 -LEADER
fixed length control field 00398nam a2200157Ia 4500
005 - DATE AND TIME OF LATEST TRANSACTION
control field 20240806030528.0
008 - FIXED-LENGTH DATA ELEMENTS--GENERAL INFORMATION
fixed length control field 240331s9999 xx 000 0 und d
082 ## - DDC Classification
Item Number - Author Mark ADU
Class No. 374
245 #0 - TITLE STATEMENT
Title Adult education and development
260 ## - PUBLICATION, DISTRIBUTION, ETC.
Place of publication, distribution, etc. Germany
Name of publisher, distributor, etc. Adult Education Association
Date of publication, distribution, etc. 1990
300 ## - PHYSICAL DESCRIPTION
Extent (e.g. Volumes, Pages etc.) 408 p .,
650 ## - SUBJECT ADDED ENTRY--TOPICAL TERM
Topical term or geographic name entry element Education
650 ## - SUBJECT ADDED ENTRY--TOPICAL TERM
Topical term or geographic name entry element Development
700 ## - ADDED ENTRY--PERSONAL NAME
Personal name Hinzen, H.
Relator term (Role) Editor
942 ## - Koha item type (Biblio)
Koha item type Books in Stacks (Lending)
Holdings
Lost status Damaged status Collection code Home library Current library Shelving location Date acquired Full call number Accession Number Item type
    Lending WERC Library WERC Library Social Science Cupboard 03/31/2024 374 ADU 2042 Books in Stacks (Lending)

© WERC Library